Southville International School and Colleges
Your cart is empty.
  • Cart
  • Lists
    Public lists Eva Luna New books Lux_list list_1
    Your lists Log in to create your own lists
  • Log in to your account
  • Your cookies
  • Search history
Southville International School and Colleges
  • Advanced search
  • Recent comments
  • Most popular
  • Libraries

Log in to your account

Log in with GOOGLE


If you do not have an external account, but do have a local account, you can still log in:

  1. Home
  2. MARC view: Chicken soup for the preteen soul :
Normal view MARC view ISBD view

Chicken soup for the preteen soul : (Record no. 34125)

[ view plain ]
MARC details
000 -LEADER
fixed length control field 00910cim a22003015a 4500
001 - CONTROL NUMBER
control field 12460930
003 - CONTROL NUMBER IDENTIFIER
control field OSt
005 - DATE AND TIME OF LATEST TRANSACTION
control field 20140310184413.0
007 - PHYSICAL DESCRIPTION FIXED FIELD--GENERAL INFORMATION
fixed length control field sd|zsngnnmmned
008 - FIXED-LENGTH DATA ELEMENTS--GENERAL INFORMATION
fixed length control field 010705s2000 xxuuun
010 ## - LIBRARY OF CONGRESS CONTROL NUMBER
LC control number 2001565467
020 ## - INTERNATIONAL STANDARD BOOK NUMBER
International Standard Book Number 0439323371
040 ## - CATALOGING SOURCE
Original cataloging agency DLC
Transcribing agency DLC
050 00 - LIBRARY OF CONGRESS CALL NUMBER
Classification number BJ 1631
Item number .C465 2001
100 ## - MAIN ENTRY--PERSONAL NAME
Personal name Canfield,Jack
9 (RLIN) 9821
245 00 - TITLE STATEMENT
Title Chicken soup for the preteen soul :
Remainder of title 101 stories of changes, choices, and growing up for kids ages 9-13 /
Statement of responsibility, etc Jack Canfiled
260 ## - PUBLICATION, DISTRIBUTION, ETC. (IMPRINT)
Place of publication, distribution, etc [United States] :
Name of publisher, distributor, etc Health Communications,
Date of publication, distribution, etc 2001
300 ## - PHYSICAL DESCRIPTION
Extent 386 p. :
Other physical details ill, ;
Dimensions 22 cm.
521 ## - TARGET AUDIENCE NOTE
Target audience note
526 ## - STUDY PROGRAM INFORMATION NOTE
Reading level 780
562 ## - COPY AND VERSION IDENTIFICATION NOTE
Number of copies 1
650 ## - SUBJECT ADDED ENTRY--TOPICAL TERM
Topical term or geographic name as entry element Preteens
General subdivision Conduct of life
-- Anecdotes
9 (RLIN) 26254
650 ## - SUBJECT ADDED ENTRY--TOPICAL TERM
Topical term or geographic name as entry element Conduct of life.
9 (RLIN) 1175
906 ## - LOCAL DATA ELEMENT F, LDF (RLIN)
a 0
b ibc
c srrepla
d 3
e ncip
f 20
g y-genmusic
942 ## - ADDED ENTRY ELEMENTS (KOHA)
Source of classification or shelving scheme Library of Congress Classification
Koha item type
Holdings
Withdrawn status Lost status Source of classification or shelving scheme Damaged status Home library Current library Shelving location Date acquired Total Checkouts Full call number Barcode Date last seen Copy number Price effective from Koha item type
    Library of Congress Classification   Luxembourg Library Luxembourg Library Scholastic Reading Center Section 10/08/2013   BJ 1631 .C465 2001 LEX2721 04/18/2017 1 10/08/2013 Books

Chicken soup for the preteen soul :

APA

Canfield J., . (2001). Chicken soup for the preteen soul. [United States]: Health Communications.

Chicago

Canfield Jack, . 2001. Chicken soup for the preteen soul. [United States]: Health Communications.

Harvard

Canfield J., . (2001). Chicken soup for the preteen soul. [United States]: Health Communications.

MLA

Canfield Jack, . Chicken soup for the preteen soul. [United States]: Health Communications. 2001.

  • Place hold
  • Print
  • Cite
  • Add to your cart (remove)
  • Save record
    BIBTEX Dublin Core MARCXML MARC (non-Unicode/MARC-8) MARC (Unicode/UTF-8) MARC (Unicode/UTF-8, Standard) MODS (XML) RIS
  • More searches
    Search for this title in:
    Other Libraries (WorldCat) Other Databases (Google Scholar) Online Stores (Bookfinder.com) Open Library (openlibrary.org)

Exporting to Dublin Core...

SOUTHVILLE LIBRARY

Southville International School and Colleges Library

1281 Tropical Ave. Cor. Luxembourg St., BF Homes International, Las Pinas City

Tel. No. 8256374 / 252358 Loc. 117/146

Powered by Koha